000 00637nam a2200253Ia 4500
003 OSt
005 20221006145127.0
006 a|||||r|||| 00| 0
007 ta
008 221006b |||||||| |||| 00| 0 eng d
020 _c250.00
024 _a13,855
037 _cTextual
040 _aEASL
_cEASL
_beng
041 _2eng
_aeng
082 _aV73:191(ZA).74, M2
100 _aKISSINGER Henry
245 0 _aYears of upheaval
260 _aDelhi
_bVikas Pub.
_c1982
300 _a1282p.
_ccm.
490 _v Oth
942 _hV73:191(ZA).74, M2
_cTEXL
_2CC
999 _c1081941
_d1081941